000 00505nam a22001697a 4500
999 _c8714
_d8714
008 201211b ||||| |||| 00| 0 eng d
040 _aBMS College of Architecture
100 _aK, Harshita
245 _aMeditation retreat
300 _a55p.
500 _a1BM11AT022
502 _8B,Arch
_NBMS College of Architecture, Visvesvaraya Technological University (VTU)
_aProject report
_d2015
650 _aART of Living
700 _aYogeswari K
_eGuide
700 _aSoumya Koka
_eGuide
942 _2ddc
_cTHE